Statistics for Municipalities of Hyogo Prefecture

Click here to take the quiz!

General Stats

  • This quiz has been taken 87 times
  • The average score is 27 of 41

Answers on the Map

Answers color-coded by a green-red scale on the quiz's map according to % correct below.
 

Answer Stats

Answer% Correct
Kobe 神戸
100%
Amagasaki 尼崎
96%
Awaji 淡路
96%
Akashi 明石
93%
Himeji 姫路
93%
Nishinomiya 西宮
93%
Ashiya 芦屋
89%
Taka 多可
89%
Takarazuka 宝塚
89%
Kakogawa 加古川
85%
Sanda 三田
85%
Minamiawaji 南あわじ
81%
Toyooka 豊岡
78%
Itami 伊丹
74%
Kawanishi 川西
74%
Sumoto 洲本
74%
Aioi 相生
70%
Tanba 丹波
70%
Ako 赤穂
67%
Tanba-Sasayama 丹波篠山
67%
Kasai 加西
59%
Miki 三木
59%
Yabu 養父
59%
Kami 香美
56%
Kato 加東
56%
Tatsuno たつの
56%
Harima 播磨
52%
Shin'onsen 新温泉
52%
Nishiwaki 西脇
48%
Ono 小野
48%
Takasago 高砂
48%
Inagawa 猪名川
44%
Kamigori 上郡
44%
Sayo 佐用
44%
Asago 朝来
41%
Ichikawa 市川
41%
Inami 稲美
41%
Shiso 宍粟
41%
Taishi 太子
41%
Fukusaki 福崎
37%
Kamikawa 神河
37%

Score Distribution

Percentile by Number Answered

Percent of People with Each Score

Your Score History

You have not taken this quiz